000 00546nam a22001937a 4500
003 OSt
005 20230928080124.0
008 150521b xxu||||| |||| 00| 0 eng d
020 _a0723424519
040 _cDNLM
082 _aWC570 BEE 1996
100 _aBeeching N. J.; Nye F. J.
_94805
245 _aDiagnostic Picture Tests in Clinical Infectious Disease
260 _aItaly;
_bMosby-Wolfe,
_c1996.
300 _a50 p :
_bcol.ill
_c20 cm.
504 _aIncludes answers and index.
650 _aInfectious Diseases
_92563
942 _2z
_cSLOAN
999 _c1827
_d1827